[Event "EU-ch Amateur Online 1400/1700"]
[Site "Tornelo INT"]
[Date "2021.04.17"]
[Round "2"]
[White "Bartnik, Michal"]
[Black "Bouras, Panayiotis"]
[Result "1-0"]
[WhiteElo "1358"]
[BlackElo "1620"]
[PlyCount "57"]
[EventDate "2021.04.17"]
[EventType "swiss (rapid)"]
[EventRounds "8"]
[EventCountry "NET"]
[SourceTitle "EXT 2023"]
[Source "ChessBase"]
[SourceDate "2022.10.05"]
[SourceVersion "1"]
[SourceVersionDate "2022.10.05"]
[SourceQuality "1"]

1. e4 c5 2. Nf3 g6 3. d4 cxd4 4. Nxd4 Bg7 5. Nc3 Nc6 6. Nxc6 bxc6 7. Bd3 Qc7 8. 0-0 Rb8 9. Bc4 d6 10. Qf3 Nf6 11. h3 0-0 12. Bb3 Nd7 13. Bf4 Nc5 14. Qe3 Nxb3 15. axb3 e5 16. Bg3 Rb7 17. f4 f5 18. fxe5 dxe5 19. exf5 gxf5 20. Qc5 Qb6 21. Bf2 Qxc5 22. Bxc5 Rff7 23. Rad1 Rbd7 24. Rxd7 Rxd7 25. Rxf5 e4 26. Rf4 Bxc3 27. bxc3 Rd2 28. Rf8+ Kg7 29. Rxc8 1-0